Normal view
MARC view
Entry Personal Name
001 - CONTROL NUMBER
- control field: 21871
003 - CONTROL NUMBER IDENTIFIER
- control field: dpl
005 - DATE AND TIME OF LATEST TRANSACTION
- control field: 20100927105950.0
008 - FIXED-LENGTH DATA ELEMENTS
- fixed length control field: 100927|||a|||||| | ||| d
040 ## - CATALOGING SOURCE
- Original cataloging agency: dpl
- Transcribing agency: dpl
100 ## - HEADING--PERSONAL NAME
- Personal name: Namboodiripad, E.M.S.
670 ## - SOURCE DATA FOUND
- Source citation: Work cat.: (dpl)36648: Namboodiripad, E.M.S., History, society and land relations :, 2010
670 ## - SOURCE DATA FOUND
- Source citation: Work cat.: (dpl)36648: Namboodiripad, E.M.S., History, society and land relations :, 2010
